000 00693nam a2200241 a 4500
001 000026727
003 DO-SdBNP
005 20211004095056.0
007 ta
008 110210s 1985 dr 000 f spa d
040 _aDO-SdBNP
_bspa
_cBNPHU
049 _aBNPD
082 4 _aBNPHU 813.52
_bH488v
100 1 _aHemingway, Ernest,
_d1899-1961
_99091
240 1 0 _aOld man and the sea
_lEspaƱol
245 1 3 _aEl viejo y el mar /
_cErnest Hemingway.
260 _aSanto Domingo :
_bAlfa y Omega,
_c1985.
300 _a107 p. ;
_c21 cm.
650 1 4 _aNovela estadouniidense
_953838
650 1 4 _aLiteratura estadounidense
_9263
910 _aValidado. Control de calidad MFF
942 _2ddc
_cLBS1
999 _c26219
_d26219